Airport Codes - Oceania - Statistics

General Stats
  • This quiz has been taken 20 times
  • The average score is 25 of 43
Answer Stats
Hint Answer % Correct
ADL Adelaide
100%
AKL Auckland
100%
MEL Melbourne
100%
PER Perth
100%
SYD Sydney
100%
CHC Christchurch
93%
DRW Darwin
93%
HNL Honolulu
93%
WLG Wellington
93%
BNE Brisbane
87%
CBR Canberra
87%
SUV Suva
80%
CNS Cairns
73%
GUM Guam
73%
NOU Noumea
73%
OOL Gold Coast
67%
HBA Hobart
67%
HIR Honiara
67%
MAJ Majuro
67%
ASP Alice Springs
60%
NAN Nadi
60%
PPT Papeete
60%
TRW Tarawa
60%
LIH Lihue
53%
VLI Port Vila
53%
TSV Townsville
53%
DBO Dubbo
47%
ROR Koror
47%
ISA Mount Isa
47%
ZQN Queenstown
47%
BME Broome
40%
LST Launceston
40%
POM Port Moresby
40%
OGG Kahului
33%
NTL Newcastle
33%
HGU Mount Hagen
27%
MKP Makemo
13%
RAB Rabaul
13%
RGI Rangiroa
13%
HID Horn Island
7%
KOA Kailua-Kona
7%
MUA Munda
7%
HOI Hao Island
0%
No matching quizzes found
Score Distribution
Percent of People with Each Score
Percentile by Number Answered
Your Score History
You have not taken this quiz